Sports Quiz

Random Sports Quiz

New York Jets trivia Quiz Stats

 Plays Quiz not verified by Sporcle

Score 0/16 Timer 08:00
0 Plays Today
Question Answer % Correct
Who is the Jets alltime leader in passing yards?Joe Namath
94%
What is the Jets record for most number of team wins in a season?12
93.6%
What was the Jets previous name?Titans
90%
Who did the Jets beat in the Monday Night Miracle?Dolphins
86.9%
Where did the Jets play their home games before moving to The Meadowlands?Shea Stadium
82.7%
Who is the Jets owner?Woody Johnson
80.4%
What was the Jets record in Brett Favre's only season there?9-7
78.7%
Which NY university did Wayne Chrebet attend?Hofstra
74.9%
Question Answer % Correct
What team did the Jets trade for in order to select Mark Sanchez?Cleveland Browns
59.1%
Which cornerback recorded 10 interceptions for the Jets in 2005?Ty Law
51.4%
Which kicker made a 53yd FG in 2001 at Oakland to send the Jets to the playoffs?John Hall
46.6%
Who did the Jets defeat in the last game of the 2002 season to win the AFC East?Green Bay Packers
40.6%
Which kicker holds the Jets record for FG % in a season? Min. 20 attempts Mike Nugent
31.5%
Who caught Mark Sanchez's 1st NFL TD pass?Chansi Stuckey
30.8%
What was the final score of the Monday Night Miracle?40-37
23.9%
Which Jet wore number 21 before Tomlinson?Dwight Lowery
21.3%

You're not logged in!

Compare scores with friends on all Sporcle quizzes.
OR
Log In

Show Comments

Extras

Created Nov 10, 2010ReportNominate
Tags:New York Jets

Top Quizzes Today


Score Distribution

Your Account Isn't Verified!

In order to create a playlist on Sporcle, you need to verify the email address you used during registration. Go to your Sporcle Settings to finish the process.

Report this User

Report this user for behavior that violates our Community Guidelines.

Details: